Normal view MARC view

Entry Nombre personal

Number of records used in: 2

001 - NÚMERO DE CONTROL

  • campo de control: 111688

003 - IDENTIFICADOR DE NÚMERO DE CONTROL

  • campo de control: OSt

005 - FECHA Y HORA DE LA ÚLTIMA TRANSACCIÓN

  • campo de control: 20260422125342.0

008 - ELEMENTOS DE DATO DE LONGITUD-FIJA

  • campo de control de longitud fija: 260422|| aca||aabn | a|a d

024 7# - IDENTIFICADOR DE OTROS ESTÁNDARES

  • Fuente: BNE
  • Número estándar o código: XX6071508

024 7# - IDENTIFICADOR DE OTROS ESTÁNDARES

  • Fuente: VIAF
  • Número estándar o código: http://viaf.org/viaf/1159517985532770455/

040 ## - FUENTE DE CATALOGACIÓN

  • Centro catalogador/agencia de origen: M-RABA

046 ## - FECHAS CON CODIFICACIÓN ESPECIAL

  • Fecha de nacimiento: 1746
  • Fecha de la muerte: 1817

100 1# - ENCABEZAMIENTO-NOMBRE DE PERSONA

  • Nombre de persona: Rodríguez Díaz, José
  • Fechas asociadas al nombre: (ca. 1746-1817)

373 ## - GRUPO ASOCIADO

  • Grupo asociado: Escultura

374 ## - OCUPACIÓN

  • Ocupación: Escultor

375 ## - GÉNERO/SEXO

  • Género: Masculino

670 ## - FUENTE DE DATOS ENCONTRADOS

  • Cita de la fuente: WWW BNE aut, 22/04/2026
  • Información encontrada: (José Rodríguez Díaz)

Powered by Koha